[Event "XIV Miedzynarodowe Mistrzostwa Gdanska "]
[Site "CEN Gdansk"]
[Date "2012.??.??"]
[Round "1.1"]
[White "Cyborowski, Lukasz"]
[Black "Szymanowski, Mateusz"]
[Result "1-0"]
[WhiteElo "2555"]
[BlackElo "1833"]
[PlyCount "67"]
[EventDate "2012.??.??"]

1. d4 Nf6 2. Nf3 g6 3. c4 Bg7 4. Nc3 O-O 5. Bf4 d6 6. e3 Nc6 7. h3 Nh5 8. Bh2
f5 9. d5 Nb8 10. Be2 c5 11. O-O Nf6 12. Qc2 a6 13. a4 b6 14. Bd3 Re8 15. Rad1
a5 16. Qe2 Na6 17. e4 fxe4 18. Nxe4 Nc7 19. Rfe1 Bd7 20. b3 Nxe4 21. Bxe4 Rf8
22. Ng5 Be8 23. h4 Rb8 24. Bb1 Bf6 25. Rd3 Kg7 26. Re3 Ra8 27. Rxe7+ Bxe7 28.
Qxe7+ Bf7 29. Bxd6 Kg8 30. Bxc7 Qxe7 31. Rxe7 Rae8 32. d6 Rxe7 33. dxe7 Re8 34.
Bd8 1-0

[Event "XIV Miedzynarodowe Mistrzostwa Gdanska "]
[Site "CEN Gdansk"]
[Date "2012.??.??"]
[Round "1.2"]
[White "Grota, Mateusz"]
[Black "Malisauskas, Vidmantas"]
[Result "0-1"]
[WhiteElo "1815"]
[BlackElo "2460"]
[PlyCount "48"]
[EventDate "2012.??.??"]

1. e4 c5 2. Nf3 d6 3. d4 cxd4 4. Nxd4 Nf6 5. Nc3 a6 6. Bg5 e6 7. f4 Qb6 8. Qd2
Qxb2 9. Rb1 Qa3 10. Bxf6 gxf6 11. Be2 Nc6 12. f5 Bh6 13. Qd3 Nxd4 14. Qxd4 Bf4
15. fxe6 Bxe6 16. Rxb7 O-O 17. Nd5 Be5 18. Qd3 Qc1+ 19. Qd1 Qh6 20. g3 Bxg3+
21. Kf1 Bh3+ 22. Kg1 Bh4 23. Bg4 Qg5 24. Nxf6+ Qxf6 0-1

[Event "XIV Miedzynarodowe Mistrzostwa Gdanska "]
[Site "CEN Gdansk"]
[Date "2012.??.??"]
[Round "1.3"]
[White "Grabarczyk, Miroslaw"]
[Black "Wojszkun, Tadeusz"]
[Result "1-0"]
[WhiteElo "2442"]
[BlackElo "1809"]
[PlyCount "61"]
[EventDate "2012.??.??"]

1. d4 d5 2. c4 e6 3. Nf3 Nf6 4. g3 b6 5. Bg2 Bb7 6. cxd5 exd5 7. O-O Bd6 8. Nc3
O-O 9. Bg5 Nbd7 10. Nb5 Be7 11. Bf4 Ne8 12. Rc1 c6 13. Nc3 Bd6 14. Bg5 Be7 15.
Bd2 Nd6 16. Bf4 Re8 17. Re1 Nf6 18. Qa4 Nc4 19. Qc2 Bd6 20. Bg5 Be7 21. e4 dxe4
22. Nxe4 Nxe4 23. Rxe4 Nd6 24. Rxe7 Rxe7 25. Bxe7 Qxe7 26. Ne5 Nb5 27. Nxc6 Qd6
28. Qc4 a6 29. a4 Na7 30. Nxa7 Bxg2 31. Nc8 1-0

[Event "XIV Miedzynarodowe Mistrzostwa Gdanska "]
[Site "CEN Gdansk"]
[Date "2012.??.??"]
[Round "1.4"]
[White "Albin, Grzegorz"]
[Black "Strzemiecki, Zbigniew"]
[Result "1/2-1/2"]
[WhiteElo "1804"]
[BlackElo "2433"]
[PlyCount "97"]
[EventDate "2012.??.??"]

1. d4 e6 2. Nf3 f5 3. c4 Nf6 4. Nc3 Bb4 5. a3 Bxc3+ 6. bxc3 O-O 7. g3 b6 8. Bg2
Bb7 9. O-O Qe7 10. Bg5 d6 11. Nd2 Bxg2 12. Kxg2 h6 13. Bxf6 Qxf6 14. f4 Qg6 15.
Qa4 e5 16. fxe5 dxe5 17. Nf3 exd4 18. cxd4 f4 19. Qb3 Qe4 20. Qd3 Qxd3 21. exd3
fxg3 22. Kxg3 Nd7 23. Rae1 Rae8 24. Rxe8 Rxe8 25. Re1 Rxe1 26. Nxe1 Kf7 27. Kf4
c6 28. Nf3 Ke6 29. h4 g6 30. Nd2 Nf6 31. Nf3 Nd7 32. Nd2 a5 33. Nb3 Kd6 34. a4
Nf8 35. Ke4 Ne6 36. Nd2 g5 37. hxg5 hxg5 38. c5+ bxc5 39. Nc4+ Kd7 40. dxc5
Nxc5+ 41. Kf3 Nb3 42. Kg4 Ke6 43. Kxg5 Kd5 44. Kf4 Kc5 45. Ne5 Kd6 46. d4 Kd5
47. Nf3 c5 48. dxc5 Kxc5 49. Ne5 1/2-1/2

[Event "XIV Miedzynarodowe Mistrzostwa Gdanska "]
[Site "CEN Gdansk"]
[Date "2012.??.??"]
[Round "1.6"]
[White "Suliborski, Artur"]
[Black "Piankov, Evgenij"]
[Result "1-0"]
[WhiteElo "1797"]
[BlackElo "2338"]
[PlyCount "131"]
[EventDate "2012.??.??"]

1. e4 c6 2. d4 d5 3. exd5 cxd5 4. c4 Nf6 5. Nc3 g6 6. Nf3 Bg7 7. Be2 O-O 8. O-O
Nc6 9. h3 a6 10. c5 b6 11. cxb6 Qxb6 12. Na4 Qa7 13. Be3 Ne4 14. Rc1 Bb7 15.
Nc5 Nxc5 16. Rxc5 e6 17. Qa4 Qb6 18. Bd3 Rfc8 19. a3 Bf8 20. Rc3 Ne7 21. Rfc1
Bc6 22. Qc2 Be8 23. Qd2 Rxc3 24. Rxc3 Bb5 25. Bb1 Rc8 26. Bh6 Rxc3 27. Bxf8
Kxf8 28. Qxc3 Qc6 29. Qd2 Qc4 30. Bc2 Qe2 31. Qc1 Kg7 32. Ne5 f6 33. Ng4 g5 34.
a4 Be8 35. Bxh7 Bh5 36. Qc7 Qe1+ 37. Kh2 Qb4 38. Bd3 Bxg4 39. hxg4 Kf7 40. Qa7
a5 41. f3 Qxa4 42. Bg6+ Kf8 43. Qb8+ Kg7 44. Qa7 Qb4 45. Bh5 Qd6+ 46. Kg1 e5
47. dxe5 fxe5 48. Qxa5 d4 49. Qd2 Kf6 50. Qd3 Qc6 51. Qh7 Qc1+ 52. Kh2 Ke6 53.
Qf7+ Kd7 54. Qe8+ Kd6 55. Bf7 Qc7 56. Qb5 Qc6 57. Qb8+ Qc7 58. Qb5 Qc5 59. Qb8+
Kd7 60. b4 Qc7 61. Qb5+ Kc8 62. Be6+ Kd8 63. Kg1 Nc8 64. Qd5+ Qd6 65. Kf2 Qxd5
66. Bxd5 1-0

[Event "XIV Miedzynarodowe Mistrzostwa Gdanska "]
[Site "CEN Gdansk"]
[Date "2012.??.??"]
[Round "1.7"]
[White "Khamitskiy, Sergei"]
[Black "Kindler, Przemyslaw"]
[Result "1-0"]
[WhiteElo "2290"]
[BlackElo "1787"]
[PlyCount "35"]
[EventDate "2012.??.??"]

1. d4 d5 2. c4 c6 3. Nf3 Bf5 4. cxd5 cxd5 5. Qb3 Qc7 6. Nc3 e6 7. Bf4 Qxf4 8.
Qxb7 a6 9. Ne5 Qxd4 10. Qxf7+ Kd8 11. Qxf8+ Kc7 12. Qxg7+ Ne7 13. Qxe7+ Kb6 14.
Qd6+ Kb7 15. Qe7+ Kb6 16. Qg7 Qb4 17. Qxh8 Qxb2 18. Na4+ 1-0

[Event "XIV Miedzynarodowe Mistrzostwa Gdanska "]
[Site "CEN Gdansk"]
[Date "2012.??.??"]
[Round "1.8"]
[White "Traczewski, Wojciech"]
[Black "Zolnierowicz, Krzysztof"]
[Result "1-0"]
[WhiteElo "1778"]
[BlackElo "2226"]
[PlyCount "67"]
[EventDate "2012.??.??"]

1. e4 e5 2. Nf3 Nc6 3. Bc4 Bc5 4. b4 Bxb4 5. c3 Ba5 6. d4 Qe7 7. Ba3 d6 8. d5
Nf6 9. dxc6 O-O 10. Nbd2 Bxc3 11. cxb7 Bxb7 12. Rc1 Nxe4 13. O-O Nxd2 14. Nxd2
Ba5 15. Nb3 Bb6 16. Rc3 Qh4 17. Bd5 Ba6 18. Rh3 Qa4 19. Qh5 h6 20. Bc1 Qxa2 21.
Bxh6 Qe2 22. Qxe2 Bxe2 23. Re1 gxh6 24. Bxa8 Bb5 25. Be4 a5 26. Rxh6 a4 27. Nc1
Bc4 28. Rh4 Be6 29. Bc2 Bd4 30. Bxa4 Rb8 31. Nd3 c5 32. Bc2 c4 33. Nc1 Bc3 34.
Re3 1-0

[Event "XIV Miedzynarodowe Mistrzostwa Gdanska "]
[Site "CEN Gdansk"]
[Date "2012.??.??"]
[Round "1.9"]
[White "Piesik, Piotr"]
[Black "Janik, Igor"]
[Result "1/2-1/2"]
[WhiteElo "2226"]
[BlackElo "1767"]
[PlyCount "107"]
[EventDate "2012.??.??"]

1. Nf3 Nf6 2. g3 g6 3. Bg2 Bg7 4. d4 O-O 5. O-O d6 6. Nbd2 Nbd7 7. e4 e5 8.
dxe5 dxe5 9. Qe2 Qe7 10. b3 a5 11. a4 b6 12. Rd1 Ba6 13. Qe1 Rfd8 14. Bb2 Ne8
15. Bf1 Bxf1 16. Kxf1 Nd6 17. Ba3 c5 18. Qe2 Nf8 19. Bb2 Qe6 20. Kg2 f6 21. Nf1
Bh6 22. Rd5 Rd7 23. Rad1 Rad8 24. N3d2 Nc8 25. Rxd7 Qxd7 26. Ne3 Bxe3 27. Qxe3
Ne7 28. Bc3 Ne6 29. Re1 Nc6 30. Nc4 Qc7 31. Qf3 Kg7 32. Rd1 Ncd4 33. Bxd4 Rxd4
34. Rxd4 cxd4 35. Qe2 Qc6 36. f3 Nc5 37. Nb2 Nd7 38. Qc4 Qxc4 39. Nxc4 Kf7 40.
Kf2 Ke6 41. f4 h5 42. h4 Ke7 43. Kf3 Ke6 44. Na3 Kd6 45. Nb5+ Ke6 46. fxe5 fxe5
47. Nc7+ Kd6 48. Nd5 Ke6 49. Ke2 Kd6 50. Kf3 Ke6 51. Nc7+ Kd6 52. Nb5+ Kc5 53.
Ke2 Nf6 54. Kd3 1/2-1/2

[Event "XIV Miedzynarodowe Mistrzostwa Gdanska "]
[Site "CEN Gdansk"]
[Date "2012.??.??"]
[Round "1.10"]
[White "Grabarczyk, Sylwester"]
[Black "Rybak, Tomasz"]
[Result "0-1"]
[WhiteElo "1746"]
[BlackElo "2221"]
[PlyCount "82"]
[EventDate "2012.??.??"]

1. e4 c5 2. c3 d5 3. exd5 Qxd5 4. Nf3 Nf6 5. Bb5+ Nc6 6. O-O Bg4 7. Be2 Rd8 8.
h3 Bh5 9. Na3 e6 10. Nb5 Qd7 11. g4 Bg6 12. d4 a6 13. Ne5 Qc8 14. Nxc6 Qxc6 15.
a4 Rd7 16. Be3 axb5 17. Bxb5 Qc7 18. a5 Be7 19. a6 bxa6 20. Rxa6 O-O 21. Bxd7
Nxd7 22. Qe2 c4 23. Rfa1 Be4 24. Bg5 Bd3 25. Qe3 Bxg5 26. Qxg5 Nf6 27. Ra7 Qc6
28. Qe3 Nd5 29. Qf3 Qd6 30. g5 g6 31. h4 Qf4 32. Qxf4 Nxf4 33. f3 Kg7 34. Ra8
Rxa8 35. Rxa8 Bc2 36. Kf1 Bb3 37. Rd8 Nd3 38. h5 gxh5 39. d5 exd5 40. Rxd5 Kg6
41. Rd7 Ne5 0-1

[Event "XIV Miedzynarodowe Mistrzostwa Gdanska "]
[Site "CEN Gdansk"]
[Date "2012.??.??"]
[Round "1.11"]
[White "Kempinski, Tomasz"]
[Black "Paziak, Patryk"]
[Result "1-0"]
[WhiteElo "2204"]
[BlackElo "1744"]
[PlyCount "57"]
[EventDate "2012.??.??"]

1. e4 e5 2. Nf3 Nc6 3. d4 exd4 4. Nxd4 Qh4 5. Nb5 Qxe4+ 6. Be2 Kd8 7. O-O Bc5
8. N1c3 Qg6 9. Nd5 Bb6 10. Bh5 Qe4 11. Bf4 d6 12. Nxb6 axb6 13. Bxd6 Be6 14.
Bxc7+ Ke7 15. Qd6+ Kf6 16. Rae1 Qd5 17. Qxd5 Bxd5 18. Nc3 Nge7 19. Rd1 g6 20.
Nxd5+ Nxd5 21. Rxd5 gxh5 22. a3 Ra5 23. Rd7 Re8 24. Bxb6 Rb5 25. Rxb7 Rb8 26.
Rxb8 Nxb8 27. Bd4+ Kg6 28. c4 Rb7 29. b4 1-0

[Event "XIV Miedzynarodowe Mistrzostwa Gdanska "]
[Site "CEN Gdansk"]
[Date "2012.??.??"]
[Round "1.12"]
[White "Czerwinski, Bogumil"]
[Black "Bugalski, Michal"]
[Result "0-1"]
[WhiteElo "1739"]
[BlackElo "2193"]
[PlyCount "88"]
[EventDate "2012.??.??"]

1. e4 Nf6 2. Nc3 e5 3. Bc4 Nc6 4. Nf3 Bc5 5. d3 O-O 6. Bg5 Be7 7. Qd2 d6 8. h3
Nd4 9. Nb5 Nxe4 10. Bxe7 Nxd2 11. Bxd8 N2xf3+ 12. gxf3 Nxb5 13. c3 Rxd8 14.
Bxb5 c6 15. Ba4 Bf5 16. Kd2 Re8 17. c4 Re6 18. Rag1 Rg6 19. h4 Rxg1 20. Rxg1
Re8 21. Rg5 Bd7 22. b4 Re6 23. Bb3 Kf8 24. Ke3 Rh6 25. c5 f6 26. Rg1 Rxh4 27.
a3 d5 28. Bc2 h5 29. Bd1 g5 30. Be2 Ke7 31. Bd1 Rd4 32. Rh1 h4 33. Bc2 f5 34.
Bd1 Kf6 35. Be2 Rf4 36. Rh2 Be6 37. Kd2 d4 38. Rh3 Bd5 39. Bd1 Be6 40. Rh2 Bd5
41. Rh3 e4 42. dxe4 fxe4 43. fxe4 Rxf2+ 44. Ke1 Be6 0-1

[Event "XIV Miedzynarodowe Mistrzostwa Gdanska "]
[Site "CEN Gdansk"]
[Date "2012.??.??"]
[Round "1.13"]
[White "Zielinski, Stanislaw"]
[Black "Zwara, Szymon"]
[Result "1-0"]
[WhiteElo "2139"]
[BlackElo "1737"]
[PlyCount "85"]
[EventDate "2012.??.??"]

1. e4 e5 2. Nf3 Nc6 3. Bc4 Nf6 4. d4 exd4 5. e5 d5 6. Bb5 Ne4 7. Nxd4 Bd7 8.
Bxc6 bxc6 9. O-O Bc5 10. Be3 Bb6 11. f3 Ng5 12. f4 Ne4 13. Nd2 Nxd2 14. Qxd2 c5
15. Nb3 d4 16. Bf2 Bb5 17. Rfd1 Qd5 18. Kh1 O-O-O 19. Bh4 Bc6 20. Bxd8 Rxd8 21.
Qe2 c4 22. Nd2 d3 23. cxd3 cxd3 24. Qg4+ Kb7 25. Nf3 g6 26. b4 Ba4 27. Qg5 Bxd1
28. Rxd1 Be3 29. Qf6 Rd7 30. e6 fxe6 31. Qe5 Qxe5 32. Nxe5 Rd4 33. Nxd3 Kb6 34.
g3 Kb5 35. Kg2 Kc4 36. Ne5+ Kxb4 37. Nc6+ Kc5 38. Nxd4 Bxd4 39. Kf3 Kd5 40. Rb1
c5 41. Rb7 c4 42. Rd7+ Kc6 43. Rxd4 1-0

[Event "XIV Miedzynarodowe Mistrzostwa Gdanska "]
[Site "CEN Gdansk"]
[Date "2012.??.??"]
[Round "1.14"]
[White "Przybylowicz, Kazimierz"]
[Black "Zielinski, Wojciech"]
[Result "0-1"]
[WhiteElo "1724"]
[BlackElo "2122"]
[PlyCount "84"]
[EventDate "2012.??.??"]

1. e4 e6 2. d4 d5 3. Nc3 Nf6 4. e5 Nfd7 5. f4 c5 6. Nf3 Nc6 7. Be3 a6 8. dxc5
Bxc5 9. Bxc5 Nxc5 10. Nd4 O-O 11. Nxc6 bxc6 12. Bd3 Qb6 13. b3 f6 14. exf6 Rxf6
15. g3 e5 16. Qd2 exf4 17. O-O-O Nxd3+ 18. Qxd3 f3 19. Nxd5 cxd5 20. Qxd5+ Be6
21. Qxa8+ Rf8 22. Qe4 Bh3 23. Qd5+ Kh8 24. Qd3 Qf6 25. Kb1 h6 26. a4 f2 27.
Rhf1 Qe6 28. Ka2 Bxf1 29. Rxf1 Qe1 30. Qxa6 Rd8 31. Qc4 Rd2 32. Qc8+ Kh7 33.
Qf5+ Kg8 34. Qc8+ Kf7 35. Qf5+ Ke7 36. Qc5+ Kf6 37. Qc3+ Kg6 38. Qc6+ Kh7 39.
Qc4 Rd1 40. Qf7 Ra1+ 41. Kb2 Qe5+ 42. c3 Rxf1 0-1

[Event "XIV Miedzynarodowe Mistrzostwa Gdanska "]
[Site "CEN Gdansk"]
[Date "2012.??.??"]
[Round "1.15"]
[White "Pioch, Zygmunt"]
[Black "Cichocka, Urszula"]
[Result "1/2-1/2"]
[WhiteElo "2120"]
[BlackElo "1723"]
[PlyCount "59"]
[EventDate "2012.??.??"]

1. e4 e6 2. d4 d5 3. e5 c5 4. c3 Nc6 5. Nf3 Qb6 6. a3 a5 7. Be2 Bd7 8. O-O cxd4
9. cxd4 Nge7 10. b3 Nf5 11. Bb2 Be7 12. g4 Nh4 13. Nxh4 Bxh4 14. Qd3 O-O 15.
Nd2 f5 16. f4 Be7 17. Kh1 Na7 18. a4 Nc6 19. Rac1 Rac8 20. Qe3 fxg4 21. Bxg4
Nb4 22. Nb1 Na2 23. Rxc8 Rxc8 24. Na3 Bxa3 25. Bxa3 Rc3 26. Qd2 Qxb3 27. Bc5 b6
28. Bd1 Qc4 29. Be2 Qb3 30. Bd1 1/2-1/2

[Event "XIV Miedzynarodowe Mistrzostwa Gdanska "]
[Site "CEN Gdansk"]
[Date "2012.??.??"]
[Round "1.17"]
[White "Kobus, Sebastian"]
[Black "Pham, Juliusz"]
[Result "1-0"]
[WhiteElo "2097"]
[BlackElo "1714"]
[PlyCount "67"]
[EventDate "2012.??.??"]

1. e4 e5 2. Nc3 Nf6 3. Bc4 Nc6 4. f4 d6 5. f5 Be7 6. Nf3 O-O 7. O-O Na5 8. Be2
Re8 9. d3 Nc6 10. Bg5 h6 11. Bh4 Nh7 12. Bf2 Nf6 13. Nd2 d5 14. Bf3 dxe4 15.
dxe4 Nd4 16. Nc4 Bc5 17. Kh1 Bb6 18. Bg3 Nd7 19. Nd5 c6 20. Ndxb6 axb6 21. c3
Nxf3 22. gxf3 Qe7 23. Rg1 Kh7 24. Qe1 b5 25. Ne3 Nf8 26. Ng4 f6 27. Bh4 Bd7 28.
Qg3 Qf7 29. Bxf6 h5 30. Qh4 Kh8 31. Bxg7+ Qxg7 32. Nf6 Qf7 33. Qxh5+ Qxh5 34.
Rg8# 1-0

[Event "XIV Miedzynarodowe Mistrzostwa Gdanska "]
[Site "CEN Gdansk"]
[Date "2012.??.??"]
[Round "1.18"]
[White "Bieszk, Stanislaw"]
[Black "Zielinski, Maciej"]
[Result "0-1"]
[WhiteElo "1700"]
[BlackElo "2096"]
[PlyCount "134"]
[EventDate "2012.??.??"]

1. e4 e5 2. Nf3 Nc6 3. Bb5 a6 4. Ba4 d6 5. O-O Bd7 6. c3 g6 7. d3 Bg7 8. Be3
Nf6 9. Nbd2 O-O 10. h3 h6 11. Re1 Qe8 12. Nf1 Kh7 13. Ng3 Rd8 14. Qe2 Qe7 15.
b4 Rfe8 16. Rad1 b6 17. Qc2 d5 18. d4 Nxe4 19. Nxe4 dxe4 20. Qxe4 Nxd4 21. Bxd7
Nxf3+ 22. Qxf3 Rxd7 23. Qc6 Red8 24. Rxd7 Qxd7 25. Qb7 Qc8 26. Qxc8 Rxc8 27.
Rd1 Kg8 28. c4 Kf8 29. c5 bxc5 30. Bxc5+ Ke8 31. Rd3 Bf8 32. Rd5 Bg7 33. Be3 c6
34. Ra5 Ra8 35. a4 Rb8 36. Bc5 Bf8 37. Rxa6 Bxc5 38. bxc5 Kd7 39. Rb6 Ra8 40.
Rb4 Ra5 41. f4 Rxc5 42. fxe5 Rxe5 43. Rh4 h5 44. Rf4 f5 45. g4 hxg4 46. hxg4
Kc7 47. gxf5 Rxf5 48. Rg4 g5 49. Kg2 Kb6 50. Kg3 Ka5 51. Rc4 c5 52. Re4 Rf4 53.
Re5 Rc4 54. Rxg5 Kxa4 55. Kf3 Kb4 56. Ke3 Rd4 57. Rg1 Kb5 58. Rb1+ Rb4 59. Rc1
Rd4 60. Rb1+ Rb4 61. Rc1 Rb3+ 62. Kd2 Kb4 63. Rc2 Ra3 64. Rb2+ Kc4 65. Rb7 Ra2+
66. Ke3 Kc3 67. Rh7 c4 0-1

[Event "XIV Miedzynarodowe Mistrzostwa Gdanska "]
[Site "CEN Gdansk"]
[Date "2012.??.??"]
[Round "1.19"]
[White "Kanarkiewicz, Michal"]
[Black "Zaleski, Lukasz"]
[Result "1-0"]
[WhiteElo "2079"]
[BlackElo "1652"]
[PlyCount "63"]
[EventDate "2012.??.??"]

1. e4 e6 2. d4 d5 3. Nc3 dxe4 4. Nxe4 Nd7 5. Nf3 Ngf6 6. Bd3 Nxe4 7. Bxe4 Nf6
8. Bg5 Be7 9. Bxf6 Bxf6 10. Qd3 h6 11. O-O O-O 12. Rad1 c6 13. c4 Qa5 14. a3
Rd8 15. b4 Qc7 16. Qe3 a5 17. Ne5 axb4 18. axb4 Bd7 19. f4 Ra4 20. Bc2 Ra2 21.
Qd3 Rda8 22. Ng4 Rxc2 23. Nxf6+ gxf6 24. Qxc2 Qb6 25. Qc3 f5 26. c5 Qb5 27. Rf3
Qe2 28. Re1 Qb5 29. d5 cxd5 30. Rg3+ Kf8 31. Qh8+ Ke7 32. Qxa8 1-0

[Event "XIV Miedzynarodowe Mistrzostwa Gdanska "]
[Site "CEN Gdansk"]
[Date "2012.??.??"]
[Round "1.20"]
[White "Badyra, Wasyl"]
[Black "Szczepaniec, Stanislaw"]
[Result "1/2-1/2"]
[WhiteElo "1650"]
[BlackElo "2059"]
[PlyCount "85"]
[EventDate "2012.??.??"]

1. e4 c5 2. Nf3 Nc6 3. d4 cxd4 4. Nxd4 g6 5. Nc3 Bg7 6. Be3 Nf6 7. Bc4 Qa5 8.
O-O O-O 9. Re1 d6 10. f3 Bd7 11. Bb3 Rfc8 12. Nd5 Nxd5 13. exd5 Ne5 14. Bg5 Qb6
15. c3 f6 16. Bh4 a5 17. f4 a4 18. Bc2 Bg4 19. Qc1 a3 20. Rb1 axb2 21. Rxb2 Qa7
22. Bf2 Nc4 23. Nc6 Qa3 24. Nxe7+ Kf8 25. Rxb7 Qxc1 26. Rxc1 Re8 27. Nc6 Rxa2
28. Bd3 Ne3 29. Re1 Nxd5 30. Rxe8+ Kxe8 31. h3 Nxf4 32. Bf1 Be2 33. Rxg7 Ra1
34. Re7+ Kf8 35. Be3 Rxf1+ 36. Kh2 Bb5 37. Rc7 Nd5 38. Rc8+ Kf7 39. Bh6 Bxc6
40. Rxc6 Ne7 41. Rxd6 Nf5 42. Rd7+ Ke6 43. Rxh7 1/2-1/2

[Event "XIV Miedzynarodowe Mistrzostwa Gdanska "]
[Site "CEN Gdansk"]
[Date "2012.??.??"]
[Round "1.21"]
[White "Marszk, Kazimierz"]
[Black "Kotlowska, Anna"]
[Result "1/2-1/2"]
[WhiteElo "2050"]
[BlackElo "1647"]
[PlyCount "73"]
[EventDate "2012.??.??"]

1. e4 e5 2. Nf3 Nc6 3. Bb5 a6 4. Ba4 Nf6 5. d3 b5 6. Bb3 Be7 7. Nc3 O-O 8. O-O
d6 9. h3 h6 10. Re1 Re8 11. d4 Bf8 12. dxe5 Nxe5 13. Nxe5 dxe5 14. Qf3 c5 15.
Rd1 Qc7 16. Nd5 Nxd5 17. Bxd5 Ra7 18. Be3 Be6 19. Qg3 Kh8 20. Rd2 Bxd5 21. Rxd5
Raa8 22. Rad1 Rad8 23. Qg4 Rxd5 24. Rxd5 Rd8 25. Qd1 Rxd5 26. Qxd5 Kg8 27. g3
c4 28. c3 Qd6 29. f4 exf4 30. Bxf4 Qb6+ 31. Kg2 Bc5 32. Be5 Bg1 33. Bd4 Bxd4
34. cxd4 Qa5 35. Qf5 Qd2+ 36. Qf2 Qd3 37. Qf5 1/2-1/2

[Event "XIV Miedzynarodowe Mistrzostwa Gdanska "]
[Site "CEN Gdansk"]
[Date "2012.??.??"]
[Round "1.24"]
[White "Zhuk, Ivan"]
[Black "Grajczak, Adrian"]
[Result "1/2-1/2"]
[WhiteElo "1642"]
[BlackElo "1999"]
[PlyCount "77"]
[EventDate "2012.??.??"]

1. d4 d6 2. Nf3 Nf6 3. g3 Nbd7 4. Bg2 e5 5. O-O c6 6. Bg5 Be7 7. c4 O-O 8. Nc3
Qc7 9. Rc1 h6 10. Bxf6 Nxf6 11. d5 c5 12. Nd2 Bd7 13. Qc2 a6 14. a3 b5 15. b4
cxb4 16. axb4 bxc4 17. Nce4 Nxd5 18. Qxc4 Qxc4 19. Nxc4 Nxb4 20. Nexd6 Ra7 21.
Rfd1 Ba4 22. Rd2 Rc7 23. Ra1 Bb3 24. Nxe5 Rd8 25. Ne4 Rxd2 26. Nxd2 Ba2 27. Rd1
a5 28. Ne4 a4 29. h4 Bb3 30. Rb1 Ba2 31. Rd1 a3 32. Ra1 Rc2 33. Nf3 g5 34. Nd4
Rb2 35. Nc3 Bf6 36. Nxa2 Nxa2 37. Bd5 Kh7 38. Ne6 Nc3 39. Nf8+ 1/2-1/2

[Event "XIV Miedzynarodowe Mistrzostwa Gdanska "]
[Site "CEN Gdansk"]
[Date "2012.??.??"]
[Round "1.25"]
[White "Kotlowski, Tomasz"]
[Black "Szymanowski, Igor"]
[Result "1-0"]
[WhiteElo "1995"]
[BlackElo "1639"]
[PlyCount "103"]
[EventDate "2012.??.??"]

1. e4 c5 2. Nc3 Nc6 3. f4 e6 4. Nf3 g6 5. Bc4 Bg7 6. f5 gxf5 7. exf5 d5 8. Bb5
exf5 9. O-O Be6 10. d3 Qc7 11. Ng5 O-O-O 12. Bf4 Be5 13. Bxe5 Nxe5 14. d4 Ng4
15. Nf3 Ne3 16. Qd2 Nxf1 17. Bxf1 c4 18. b3 Nf6 19. Nb5 Qb6 20. a4 Ne4 21. Qe3
a6 22. Na3 c3 23. Bd3 Qc7 24. b4 Rhg8 25. b5 a5 26. b6 Qe7 27. Bxe4 fxe4 28.
Qxc3+ Kd7 29. Ne5+ Ke8 30. Nb5 f6 31. Nc7+ Kf8 32. Rf1 Bf7 33. Qh3 Rd6 34. Nxf7
Qxf7 35. Qc8+ Kg7 36. Qxb7 Kh8 37. Qa7 e3 38. Qxa5 Qg6 39. g3 Qxc2 40. Qc5 Qxc5
41. dxc5 Rc6 42. Nxd5 e2 43. Re1 Rxc5 44. Nxf6 Rd8 45. Ne4 Rd1 46. Kf2 Rf5+ 47.
Kxe2 Rxe1+ 48. Kxe1 Re5 49. Kd2 Rxe4 50. a5 Ra4 51. b7 Rb4 52. a6 1-0

[Event "XIV Miedzynarodowe Mistrzostwa Gdanska "]
[Site "CEN Gdansk"]
[Date "2012.??.??"]
[Round "1.26"]
[White "Czarkowski, Tomasz"]
[Black "Ulanowski, Karol"]
[Result "1/2-1/2"]
[WhiteElo "1636"]
[BlackElo "1987"]
[PlyCount "85"]
[EventDate "2012.??.??"]

1. d4 Nf6 2. c4 g6 3. Nc3 Bg7 4. Bf4 d6 5. e4 O-O 6. Nf3 Nbd7 7. Be2 Re8 8. O-O
c6 9. Qd2 e5 10. dxe5 dxe5 11. Nxe5 Nxe4 12. Nxe4 Nxe5 13. Qxd8 Rxd8 14. Bg5
Re8 15. Nd6 Re6 16. Nxc8 Rxc8 17. Rfe1 Rce8 18. Be3 h5 19. b3 a5 20. Bd2 b6 21.
f4 Ng4 22. Bxg4 Bd4+ 23. Kh1 hxg4 24. Rxe6 Rxe6 25. Re1 Rd6 26. g3 f5 27. Re2
Kf7 28. Kg2 Rd8 29. h4 a4 30. Be1 axb3 31. axb3 Bf6 32. Bf2 Rd3 33. Re3 Rd2 34.
Kf1 Rb2 35. Rd3 b5 36. cxb5 cxb5 37. Be3 Rc2 38. Bd2 Ke6 39. Ke2 Rc5 40. Be3
Rd5 41. Rxd5 Kxd5 42. Kd3 Be7 43. Bd2 1/2-1/2

[Event "XIV Miedzynarodowe Mistrzostwa Gdanska "]
[Site "CEN Gdansk"]
[Date "2012.??.??"]
[Round "1.28"]
[White "Zelajtys, Jozef"]
[Black "Gorniewicz, Oskar"]
[Result "1/2-1/2"]
[WhiteElo "1628"]
[BlackElo "1961"]
[PlyCount "77"]
[EventDate "2012.??.??"]

1. e4 a6 2. d4 e6 3. c4 d5 4. Nc3 dxe4 5. Nxe4 Nf6 6. Nxf6+ Qxf6 7. a3 c5 8.
Nf3 h6 9. Be3 Nc6 10. Be2 cxd4 11. Bxd4 Nxd4 12. Qxd4 Be7 13. O-O Qxd4 14. Nxd4
Bf6 15. Rfd1 e5 16. Nc2 e4 17. Rab1 O-O 18. b4 a5 19. b5 b6 20. Rd6 Rb8 21. a4
Be7 22. Rc6 Rd8 23. Ne3 Rd2 24. Nd5 Bc5 25. Kf1 Bb7 26. Rxb6 Bxb6 27. Nxb6 e3
28. c5 Bxg2+ 29. Kxg2 Rxe2 30. Kf3 Rc2 31. fxe3 Rb7 32. Rd1 Rxc5 33. Rd8+ Kh7
34. Nd7 Rf5+ 35. Ke4 Kg6 36. Kd4 Rf2 37. Kc5 Rc2+ 38. Kd6 Rbc7 39. Ne5+ 1/2-1/2

[Event "XIV Miedzynarodowe Mistrzostwa Gdanska "]
[Site "CEN Gdansk"]
[Date "2012.??.??"]
[Round "1.29"]
[White "Wrzesinski, Pawel"]
[Black "Tamon, Radoslaw"]
[Result "1-0"]
[WhiteElo "1960"]
[BlackElo "1623"]
[PlyCount "69"]
[EventDate "2012.??.??"]

1. e4 e5 2. Nf3 Nc6 3. Bb5 a6 4. Ba4 d6 5. c3 Bd7 6. O-O Be7 7. d4 b5 8. Bb3
Nf6 9. Qe2 O-O 10. h3 h6 11. Be3 exd4 12. cxd4 Na5 13. Bc2 Nc4 14. Bc1 Bc6 15.
b3 Nb6 16. Bb2 Re8 17. e5 dxe5 18. dxe5 Nh7 19. Bxh7+ Kxh7 20. Qc2+ g6 21. Qxc6
Bf8 22. Nbd2 Bg7 23. Rad1 Re6 24. Qc2 Qe7 25. Ne4 Qe8 26. Rfe1 Rc8 27. Nc5 Re7
28. e6 Bxb2 29. Qxb2 fxe6 30. Qf6 Rf7 31. Qxe6 Qxe6 32. Rxe6 Rcf8 33. Ne5 Rxf2
34. Re7+ Kg8 35. Ne6 1-0

[Event "XIV Miedzynarodowe Mistrzostwa Gdanska "]
[Site "CEN Gdansk"]
[Date "2012.??.??"]
[Round "1.30"]
[White "Zhuk, Dmitriy"]
[Black "Pastuszko, Kinga"]
[Result "0-1"]
[WhiteElo "1605"]
[BlackElo "1958"]
[PlyCount "112"]
[EventDate "2012.??.??"]

1. e4 e5 2. d4 exd4 3. Qxd4 Nc6 4. Qe3 g6 5. Bd2 Bg7 6. Nc3 Nf6 7. f4 O-O 8.
O-O-O Re8 9. Bc4 Na5 10. Qe2 Nxc4 11. Qxc4 d6 12. h3 Nxe4 13. Nxe4 d5 14. Qa4
Rxe4 15. Qb3 c6 16. Nf3 Qb6 17. Rhe1 Qxb3 18. axb3 Bf5 19. Ng5 Rxe1 20. Rxe1
Bf6 21. g4 Bd7 22. Nf3 Re8 23. Rxe8+ Bxe8 24. g5 Bg7 25. b4 f6 26. h4 Bd7 27.
Be3 b6 28. c3 h5 29. gxf6 Bxf6 30. Ng5 Be7 31. Kd2 c5 32. bxc5 bxc5 33. Kc1 Kg7
34. b4 cxb4 35. cxb4 Kf6 36. Nf3 Kf5 37. Ne5 Be8 38. Bxa7 Bxb4 39. Be3 Be7 40.
Kd2 Bxh4 41. Ke2 Bf6 42. Nf3 Bb5+ 43. Kf2 Bd3 44. Kg3 Be4 45. Nh4+ Bxh4+ 46.
Kxh4 Bc2 47. Kg3 Ke4 48. Kf2 d4 49. Bd2 Kd3 50. Ke1 h4 51. f5 gxf5 52. Bg5 h3
53. Kf2 Bd1 54. Bf4 Kc2 55. Kg3 Bg4 56. Kf2 d3 0-1

[Event "XIV Miedzynarodowe Mistrzostwa Gdanska "]
[Site "CEN Gdansk"]
[Date "2012.??.??"]
[Round "1.31"]
[White "Ciszewski, Marek"]
[Black "Wozniak, Konrad"]
[Result "1-0"]
[WhiteElo "1953"]
[BlackElo "1595"]
[PlyCount "51"]
[EventDate "2012.??.??"]

1. e4 e6 2. d4 d5 3. exd5 exd5 4. Nf3 Nc6 5. Bb5 Bd7 6. Nc3 Bb4 7. O-O Bxc3 8.
bxc3 Nge7 9. Ba3 O-O 10. Re1 Re8 11. Bd3 Qc8 12. Ng5 g6 13. Qf3 f5 14. Qh3 h5
15. Qf3 Qd8 16. Re2 f4 17. Qxf4 Rf8 18. Qe3 Nf5 19. Bxf5 Rxf5 20. h4 Qf6 21.
Rae1 Re8 22. Qxe8+ Bxe8 23. Rxe8+ Kg7 24. Bf8+ Qxf8 25. Ne6+ Kh7 26. Nxf8+ 1-0